Playing to win how strategy really works
Strategy = choice -- What is winning? -- Where to play -- How to win -- Playing to your strengths -- Managing what matters -- Thinking through strategy -- Shortening your odds.
Bewaard in:
| Hoofdauteur: | |
|---|---|
| Andere auteurs: | |
| Formaat: | Boek |
| Taal: | English |
| Gepubliceerd in: |
Boston, Massachusetts
Harvard Business Review Press
2013.
|
| Onderwerpen: | |
| Tags: |
Voeg label toe
Geen labels, Wees de eerste die dit record labelt!
|
| Thư viện lưu trữ: | Mạng thư viện Đại học Đà Nẵng |
|---|
| LEADER | 01596nam a2200385 4500 | ||
|---|---|---|---|
| 001 | 000024628 | ||
| 003 | 21116 | ||
| 005 | 20161215141243.0 | ||
| 008 | 161215s2013 engsd | ||
| 020 | |a 9781422187395 (alk. paper) | ||
| 041 | 0 | |a eng | |
| 082 | 0 | 0 | |a 658.4012 |b LA-A |
| 100 | 1 | |a Lafley, A.G. (Alan G.) |q (Laura Ann) | |
| 245 | 1 | 0 | |a Playing to win |b how strategy really works |c A.G. Lafley, Roger L. Martin. |
| 260 | |a Boston, Massachusetts |b Harvard Business Review Press |c 2013. | ||
| 300 | |a 260 p. |b ill. (black and white) |c 25 cm. | ||
| 500 | |a Collection subset: Management and Business Studies | ||
| 504 | |a Includes bibliographical references and index. | ||
| 520 | 3 | |a Strategy = choice -- What is winning? -- Where to play -- How to win -- Playing to your strengths -- Managing what matters -- Thinking through strategy -- Shortening your odds. | |
| 650 | 0 | |a Procter & Gamble Company | |
| 650 | 0 | |a Strategic planning | |
| 650 | 0 | |a Success in business | |
| 650 | 0 | |a Organizational change | |
| 653 | |a Quản lý | ||
| 700 | 1 | |a Martin, Roger L. |d 1952- |d 1974- |d 1906-1998. |d 1978- | |
| OWN | |a LSP | ||
| AVA | |a UDN50 |b LSP |c References |d 658.4012 LA-A |e available |t Error 5001 Not defined in file expand_doc_bib_avail. |f 1 |g 0 |h N |i 0 |j TK |k 1 | ||
| 999 | |a From the UDN01 | ||
| AVA | |a UDN50 |b LSP |c References |d 658.4012 LA-A |e available |t Error 5001 Not defined in file expand_doc_bib_avail. |f 1 |g 0 |h N |i 0 |j TK |k 1 | ||
| TYP | |a Monograph | ||
| TYP | |a Printed language | ||
| 980 | |a Mạng thư viện Đại học Đà Nẵng | ||


